A Guatemalan family /

Describes a Guatemalan family's struggle to emigrate from their country to the United States and the adjustments they have made.

Bibliographic Details
Main Author: Malone, Michael, 1956-
Format: Book
Language:English
Published: Minneapolis : Lerner Publications Co., [1996]
Series:Journey between two worlds.
Subjects:

MARC

Tag First Indicator Second Indicator Subfields
LEADER 00000cam a2200000 a 4500
001 in00001408050
005 20151020070155.0
008 950815s1996 mnuab j b 000 0 eng
010 |a  95033521  
020 |a 0822534002 (lib. bdg.) 
035 |a (OCoLC)33078779 
035 |9 AHP8431AM 
040 |a DLC  |c DLC  |d UtOrBLW 
043 |a ncgt---  |a n-us---  |a n-us-fl 
049 |a TXAG 
050 0 0 |a F319.L196  |b M35 1996 
082 0 0 |a 975.9/32  |2 20 
100 1 |a Malone, Michael,  |d 1956- 
245 1 2 |a A Guatemalan family /  |c by Michael Malone. 
264 1 |a Minneapolis :  |b Lerner Publications Co.,  |c [1996] 
264 4 |c ©1996 
300 |a 64 pages :  |b illustrations, maps (some color) ;  |c 20 x 24 cm. 
336 |a text  |b txt  |2 rdacontent 
337 |a unmediated  |b n  |2 rdamedia 
338 |a volume  |b nc  |2 rdacarrier 
490 1 |a Journey between two worlds 
504 |a Includes bibliographical references (page 63). 
520 |a Describes a Guatemalan family's struggle to emigrate from their country to the United States and the adjustments they have made. 
650 0 |a Guatemalan American families  |z Florida  |z Lake Worth  |x Juvenile literature. 
650 0 |a Political refugees  |z Guatemala  |x Juvenile literature. 
650 0 |a Political refugees  |z Florida  |z Lake Worth  |x Juvenile literature. 
650 0 |a Guatemalan Americans  |z Florida  |z Lake Worth  |x Social life and customs  |x Juvenile literature. 
651 0 |a Lake Worth (Fla.)  |x Social life and customs  |x Juvenile literature. 
650 0 |a Human rights  |z Guatemala  |x Juvenile literature. 
650 1 |a Guatemalan Americans. 
650 1 |a Refugees. 
830 0 |a Journey between two worlds. 
999 |a MARS 
999 f f |s 226c76d7-3bd2-332d-bc18-040eabc640e7  |i 4057fba2-0194-383b-84b1-8038107f2ab1  |t 0 
952 f f |p ric  |a Texas A&M University  |b Rellis Campus  |c Joint Library Facility  |d Remote Storage  |t 0  |e F319.L196 M35 1996  |h Library of Congress classification  |i unmediated -- volume  |m A14822246336 
998 f f |a F319.L196 M35 1996  |t 0  |l Remote Storage